[Event "Panama op 4th"]
[Site "Panama City"]
[Date "2023.11.07"]
[Round "2"]
[White "Kushinakajo, Theo"]
[Black "Mendez Machado, Fatima"]
[Result "1/2-1/2"]
[WhiteElo "1530"]
[BlackElo "1138"]
[PlyCount "121"]
[EventDate "2023.11.06"]
[EventType "swiss"]
[EventRounds "9"]
[EventCountry "PAN"]
[SourceTitle "CB46_2023"]
[SourceDate "2023.11.15"]
[SourceVersion "1"]
[SourceVersionDate "2023.11.15"]
[SourceQuality "1"]

1. d4 d5 2. c4 e6 3. g3 Nf6 4. Bg2 c5 5. cxd5 exd5 6. Nf3 Nc6 7. 0-0 Bd6 8. dxc5 Bxc5 9. Bg5 0-0 10. Nbd2 Be6 11. Rc1 Bb6 12. Nb3 h6 13. Bf4 Qd7 14. Ne5 Nxe5 15. Bxe5 Ne4 16. Bd4 Rac8 17. Bxb6 axb6 18. Rxc8 Rxc8 19. Nd4 Bh3 20. f3 Nf6 21. Bxh3 Qxh3 22. Qb3 Rc4 23. Nc2 Qe6 24. e3 Nd7 25. Nd4 Qd6 26. Qd3 Qc5 27. Qd2 Ne5 28. Nb3 Qc6 29. f4 Ng4 30. Rd1 Rc2 31. Qxd5 Qxd5 32. Rxd5 Rxb2 33. Rd2 Rxd2 34. Nxd2 Nxe3 35. Ne4 Nc4 36. Kf2 f5 37. Nc3 Kf7 38. Ke2 Ke6 39. Kd3 Nd6 40. Kd4 g5 41. h4 gxf4 42. gxf4 h5 43. a4 Nc8 44. Nd5 Kd6 45. Nf6 Ne7 46. Nxh5 Ng6 47. Ng7 Nxh4 48. Kc4 Kc6 49. Ne6 Ng6 50. Nd4+ Kc7 51. Nxf5 Nxf4 52. Kb5 Nd5 53. Kc4 Kc6 54. Nd4+ Kc7 55. Kxd5 Kb8 56. Nb5 Kc8 57. Kd6 Kb8 58. Ke7 Kc8 59. Kd6 Kb8 60. Kd7 Ka8 61. Kc8 1/2-1/2